000 004400000a22001810004500
003 MACL
005 20151230151820.0
008 151230b xxu||||| |||| 00| 0 eng d
040 _aMACL
_cMACL
041 _aEnglish
082 _a320.1/AIY
100 _aAiyangar, K V Rangaswami
_924085
245 _aRajadharma
260 _bThe Adyar Library
_c1941
350 _a5
650 _aPolitical Science
_925058
942 _cBK
_k320.1/RAN
_2ddc
999 _c34597
_d34597